| 000 | 00685nam a2200229Ia 4500 | ||
|---|---|---|---|
| 001 | 8146 | ||
| 003 | GE_BSU | ||
| 008 | 181216s||||||||xx |||||||||||||| ||und|| | ||
| 040 | _cGE_BSU | ||
| 245 | _aГосударство и право. №9. Сентябрь 2013. | ||
| 245 | _bСентябрь, 2013 | ||
| 245 | _cГл. ред. А.С.Автономов | ||
| 260 | _aМосква | ||
| 260 | _bНаука | ||
| 260 | _c2013 | ||
| 300 | _a128ст;29см. | ||
| 520 | _aВыходит 12 раз в год | ||
| 653 | _aГосударство и право. №9. Сентябрь 2013. | ||
| 653 | _aПериодика | ||
| 653 | _aპერიოდიკა | ||
| 942 | _cCR | ||
| 999 |
_c41479 _d41479 |
||